000 00359nam a22001457a 4500
008 210302b ||||| |||| 00| 0 eng d
020 _a9781555705855
041 _aeng
080 _a616.8-006
082 _a616.8-006
100 _a6
101 _aKAN
245 _aThe medical Library Association Guide to Cancer Information
_cVolk, R.M
942 _2udc
_cBK
999 _c55534
_d55534